Desigualdades raciais e políticas de inclusao racial: um sumário da experiencia brasileira recente /
Guardado en:
| Hovedforfatter: | |
|---|---|
| Format: | Texto |
| Serier: | SERIE POLITICAS SOCIALES/CEPAL
|
| Fag: | |
| Tags: |
Tilføj Tag
Ingen Tags, Vær først til at tagge denne postø!
|
MARC
| LEADER | 00000 a a2200000 04500 | ||
|---|---|---|---|
| 001 | 48501 | ||
| 003 | |||
| 040 | |||
| 090 | |a REV1291 (82) 2004 | ||
| 100 | |a Borges Martins, Roberto | ||
| 245 | |a Desigualdades raciais e políticas de inclusao racial: |b um sumário da experiencia brasileira recente / |c Roberto Borges Martins | ||
| 440 | |a SERIE POLITICAS SOCIALES/CEPAL | ||
| 650 | |a DISCRIMINACION RACIAL | ||
| 650 | |a DESIGUALDAD SOCIAL | ||
| 650 | |a POLITICA RACIAL | ||
| 650 | |a BRASIL | ||
| 650 | |a ETNICIDAD | ||
| 650 | |a EDUCACION | ||
| 650 | |a CONDICIONES ECONOMICAS | ||
| 650 | |a CONDICIONES DE TRABAJO | ||
| 650 | |a CONDICIONES DE VIVIENDA | ||
| 773 | |g número82, (2004) | ||
| 999 | |c 37631 |d 37631 | ||
